000 01075nam a2200313 a 4500
001 000113791
003 CHAP
005 20220329144413.0
008 170925s2017 mx a fsm |||||||spa d
010 _a110252
011 _a111224
040 _cCHAP
090 _aTesis
100 1 _aArroyo Prado, Norma Yareli
_9133444
245 1 0 _aEvaluación, uso y manejo de los analizadores de humedad Mb23 y Mb35 /
_h[En línea]
_cpor Norma Yareli Arroyo Prado.
260 _aChapingo, Méx. :
_bEl autor,
_c2017.
500 _aPara ver el contenido del material haga clic en la liga
502 _aTesis (Ingeniero en Irrigación) --UACH. Departamento de Irrigación
590 _aBATCH
_b00
_c20181121
_lUCH01
_h0758
590 _aE8697GMM
_b05
_c20170925
_lUCH01
_h1304
590 _aE8697GMM
_b05
_c20170925
_lUCH01
_h1329
650 1 4 _aSuelos
_xHumedad.
_9110391
650 1 4 _aSuelos
_xMétodos analíticos.
_9133445
856 _a1
_n0000579
856 _aFinding aid
_uhttp://10.13.5.2/tesis/sist113791.pdf
_zTeclea aquí
901 _aBK
942 _cTESIS
942 _n0
999 _c110252
_d110252